| 000 | 00370nam a2200145Ia 4500 | ||
|---|---|---|---|
| 008 | 230519s9999 xx 000 0 und d | ||
| 020 | _a978-81-89966-41-3 | ||
| 041 | _aeng | ||
| 082 | _aSO/CLE/DB0950 | ||
| 100 |
_aClement I _9119826 |
||
| 245 | _aApplied Sociology | ||
| 260 |
_bFrontline Publications _aHyderabad _c2021 |
||
| 300 | _a310p | ||
| 999 |
_c159534 _d159534 |
||